Fast Typing 1 to 20 in Word - Statistics

General Stats
  • This quiz has been taken 59 times
  • The average score is 16 of 20
Answer Stats
Answer % Correct
One
100%
Four
95%
Three
95%
Two
95%
Five
92%
Seven
89%
Six
89%
Eight
84%
Eleven
79%
Twelve
79%
Fourteen
76%
Nine
76%
Ten
76%
Thirteen
76%
Fifteen
68%
Seventeen
68%
Sixteen
68%
Eighteen
63%
Nineteen
55%
Twenty
47%
No matching quizzes found
Score Distribution
Percent of People with Each Score
Percentile by Number Answered
Your Score History
You have not taken this quiz